Komunitné centrum - Pisztoryho palác

Guardado en:
Detalles Bibliográficos
Autor principal: Potočár, Juraj (Autor)
Otros Autores: Vojteková, Eva (Orientador)
Formato: Manuscrito Libro
Lenguaje:eslovaco
Publicado: Bratislava 2020
Materias:
Acceso en línea:http://is.stuba.sk/zp/portal_zp.pl?podrobnosti=138996
Etiquetas: Agregar Etiqueta
Sin Etiquetas, Sea el primero en etiquetar este registro!

MARC

LEADER 00000ntm a22000003a 4500
001 stuzp79703
003 SK-STU
005 20200811090243.4
007 ta
008 150427s2015----xo-----f-mn---000-0-slo-d
040 |a STU  |b slo 
041 0 |a slo 
100 1 |a Potočár, Juraj  |u 054140  |4 aut  |U FAD Fakulta architektúry  |T FA Ústav konštrukcií v architektúre a inžinierskych stavieb  |X 88059  |U A4140  |Y 395  |7 88059 
242 0 1 |a Community Center - The Pisztory Palace  |y eng 
245 1 0 |a Komunitné centrum - Pisztoryho palác 
260 |c 2020  |a Bratislava 
650 4 |a komunitné centrum  |2 slo 
650 4 |a nádvorie  |2 slo 
650 4 |a Pisztory palác  |2 slo 
650 4 |a Pisztory Palace  |2 eng 
650 4 |a community center  |2 eng 
650 4 |a courtyard  |2 eng 
700 1 |a Vojteková, Eva  |u 054140  |k Z1  |4 ths  |U FAD Fakulta architektúry  |T FA Ústav konštrukcií v architektúre a inžinierskych stavieb  |X 333  |U A4140  |Y 395  |7 A000000333 
856 4 |u http://is.stuba.sk/zp/portal_zp.pl?podrobnosti=138996  |u https://opac.crzp.sk/?fn=detailBiblioForm&sid=2C8AB4190B6536A9D3821F7B1CEB